[Event "Miercurea Ciuc Banc Post op 13th"]
[Site "Miercurea Ciuc"]
[Date "2010.08.14"]
[Round "5"]
[White "Liebl, Korbinian"]
[Black "Nagy, Istvan Attila"]
[Result "1/2-1/2"]
[WhiteElo "1783"]
[BlackElo "2068"]
[PlyCount "53"]
[EventDate "2010.08.10"]
[EventType "swiss"]
[EventRounds "9"]
[EventCountry "ROU"]
[SourceTitle "EXT 2012"]
[Source "ChessBase"]
[SourceDate "2011.11.24"]
[SourceVersion "1"]
[SourceVersionDate "2011.11.24"]
[SourceQuality "1"]

1. e4 c5 2. c3 d5 3. exd5 Qxd5 4. d4 Nf6 5. Nf3 Bg4 6. dxc5 Qxd1+ 7. Kxd1 Ne4 8. Be3 Nc6 9. Nbd2 0-0-0 10. Ke1 Nxd2 11. Nxd2 e6 12. Be2 Bf5 13. Nf3 Be4 14. Ng5 Bg6 15. f3 Be7 16. Kf2 Rd5 17. Ne4 f5 18. Nd6+ Bxd6 19. cxd6 Rxd6 20. Rhd1 Rhd8 21. Rxd6 Rxd6 22. Rd1 Rxd1 23. Bxd1 b6 24. Ke2 Kc7 25. Ba4 e5 26. Bb3 Kd6 27. h3 1/2-1/2